Cache-cache - Columbine (paroles) - Statistiques

Statistiques générales
  • Ce quiz a été pris 1 427 fois
  • Le résultat moyen est 280 sur 404
Statistiques - réponses
Paroles % Correct
Ça
99%
(Ça
99%
de
98%
Un
97%
un
97%
peu
96%
plus
96%
à
94%
se
94%
cache
93%
Elle
92%
que
92%
je
90%
(je
90%
Je
90%
les
90%
Les
90%
(les
90%
s'en
90%
ses
88%
sur
88%
dit
87%
mal
87%
qu'elle
87%
qu'on
87%
aille
86%
en
86%
veut
86%
sent
85%
traces
85%
(traces
85%
te
84%
Te
84%
pas
83%
pas)
83%
yeux
83%
Encore
82%
encore
82%
et
82%
Et
82%
C'est
81%
la
80%
tes
80%
t'es
80%
T'es
80%
(t'es
80%
qui
78%
Qui
78%
(qui
78%
(Qui
78%
sa
78%
moi
77%
Ta
77%
ta
77%
ton
77%
Ton
77%
(ton
77%
jean
75%
J'ferme
75%
né,
75%
On
75%
(on
75%
tu
75%
J'en
74%
pour
73%
(pour
73%
Pour
73%
bouche
72%
chez
72%
lèvres
72%
72%
(où
72%
passé
72%
Enlève
71%
m'en
71%
Nike
71%
part
71%
trop
71%
est
70%
hôtel,
70%
J'ai
70%
mais
70%
quand
70%
vois
70%
J'passe
69%
j'suis
69%
manière
69%
cash,
68%
cash
68%
l'âge
68%
N'existe
68%
(n'existe
68%
quelques
68%
vivre
68%
partout
67%
sont
67%
nulle
66%
portes
66%
s'voit
66%
closes
65%
closes)
65%
Columbine,
65%
Columbine
65%
idéal
65%
idéal)
65%
J'me
65%
marches,
65%
marches
65%
m'excite
65%
pourquoi,
65%
pourquoi
65%
célèbre
64%
des
64%
raconte
64%
T'aimes
64%
t'énerves
64%
toi
64%
toi)
64%
Dans
63%
(dans
63%
Dis-moi
63%
là-bas
63%
là-bas)
63%
lui
62%
nos
62%
petit
62%
tout
62%
Tout
62%
colère
61%
colère)
61%
J'insiste
61%
(j'insiste
61%
monte
61%
open
61%
open)
61%
Ici,
60%
(ici,
60%
j'vois
60%
c'que
59%
raconter
59%
Donc
57%
(donc
57%
fais
57%
J'm'en
57%
l'monde
57%
l'monde)
57%
pointure
57%
sers
57%
sous
57%
(sous
57%
voir
57%
Au
56%
être
56%
(être
56%
high,
56%
high
56%
j'veux
56%
J'veux
56%
l'écouter
55%
l'écouter)
55%
n'existent
55%
Paris
55%
p'tite
55%
Couleur
54%
(couleur
54%
harcelée)
54%
sauver
54%
(sauver
54%
traînes
54%
traînes)
54%
comme
53%
Depuis
53%
grandi
53%
harcelée
53%
melon
53%
melon)
53%
absent
52%
(absent)
52%
bonne
52%
(bonne
52%
daron
52%
l'heure
52%
tombe
52%
tombe)
52%
veines
52%
veines)
52%
veux
52%
bas
51%
donne
51%
l'Soleil
51%
rien,
51%
avoir
50%
bombes
50%
bombes)
50%
conscience
50%
conscience)
50%
fil
50%
(fil
50%
gobelets
50%
gobelets)
50%
Levé
50%
pièces
50%
pièces)
50%
saisons
50%
saisons)
50%
Sens
50%
(sens
50%
T'as
50%
va
50%
car
49%
s'marrent
49%
soin
48%
bien,
47%
j'donne
47%
(j'donne
47%
j'prends
47%
n'fait
47%
semblant
47%
semblant,
47%
semblant)
47%
qu'j'suis
46%
Sang
45%
(sang
45%
stagner
45%
stagner)
45%
m'rattraper
44%
m'rattraper)
44%
n'réponds
43%
d'chez
38%
Déshabille-toi,
38%
Messages,
36%
J'descends
35%
qui monte
33%
cool-al
25%
cool-al)
25%
Aucun quiz correspondant
Distribution des résultats
% des personnes avec chaque résultat
Percentile par nombre de réponses
Votre historique - résultats
Vous n’avez pas pris ce quiz